000 01834nam a2200241Ia 4500
008 260220t1973||||xx |||||||||||||| ||spa||
040 _aPY-SlUNAC
_bspa
_erda
041 _aspa
082 _a912
_bD718c
100 _aDorts, Jean
_eAutor
245 0 _aLos continentes :
_bAmérica del sur y central /
_cpor Jean Dorts [Autor]
264 _aBarcelona :
_bSeix Barral,
_c℗1973.
300 _a1 volumen
520 _aEn "Los continentes: América del Sur y Central", Jean Dorts ofrece un análisis exhaustivo de las características geográficas, culturales e históricas de las naciones que componen estas regiones. A través de un enfoque multidisciplinario, el autor examina la diversidad étnica y lingüística, así como las influencias coloniales que han moldeado la identidad de estos países. Dorts también aborda temas cruciales como la economía, la política y los desafíos ambientales que enfrentan, destacando la importancia de la cooperación regional para el desarrollo sostenible. A lo largo del texto, se incluyen mapas y gráficos que ilustran las dinámicas demográficas y económicas, brindando al lector una comprensión más profunda de las interrelaciones entre los distintos territorios. Este libro no solo sirve como un recurso valioso para académicos interesados en estudios latinoamericanos, sino que también invita a una reflexión crítica sobre el futuro de América del Sur y Central en un mundo globalizado. La obra se destaca por su claridad y rigor analítico, siendo esencial para el entendimiento contemporáneo de la región.
651 _aAmérica Central
651 _aAmérica del Sur
653 _aGeografía
942 _b2026/02/17
_cBK
999 _c9414
_d9414